Select Former Names/ Countries That Don't Exist Anymore - Statistics

General Stats
  • This quiz has been taken 869 times
  • The average score is 26 of 32
Answer Stats
Question Tile Select % Correct
Former Names of Countries Australia No
99%
Former Names of Countries Brazil No
99%
Former Names of Countries Canada No
99%
Former Names of Countries China No
99%
Former Names of Countries Argentina No
98%
Former Names of Countries Russia No
98%
Countries That Don't Exist Anymore Argentina No
95%
Countries That Don't Exist Anymore Australia No
95%
Countries That Don't Exist Anymore Brazil No
95%
Countries That Don't Exist Anymore Canada No
95%
Countries That Don't Exist Anymore China No
95%
Countries That Don't Exist Anymore Russia No
95%
Former Names of Countries Siam Yes
94%
Former Names of Countries Zaire Yes
94%
Countries That Don't Exist Anymore Austria-Hungary Yes
92%
Former Names of Countries British Honduras Yes
91%
Countries That Don't Exist Anymore Soviet Union Yes
91%
Countries That Don't Exist Anymore Yugoslavia Yes
91%
Countries That Don't Exist Anymore Czechoslovakia Yes
90%
Countries That Don't Exist Anymore East Germany Yes
90%
Countries That Don't Exist Anymore Ottoman Empire Yes
90%
Former Names of Countries Swaziland Yes
90%
Countries That Don't Exist Anymore Swaziland No
69%
Countries That Don't Exist Anymore Zaire No
63%
Countries That Don't Exist Anymore Siam No
62%
Countries That Don't Exist Anymore British Honduras No
58%
Former Names of Countries Austria-Hungary No
45%
Former Names of Countries East Germany No
43%
Former Names of Countries Ottoman Empire No
43%
Former Names of Countries Soviet Union No
43%
Former Names of Countries Yugoslavia No
43%
Former Names of Countries Czechoslovakia No
42%
No matching quizzes found
Score Distribution
Percent of People with Each Score
Percentile by Number Answered
Your Score History
You have not taken this quiz